00880nam a22002657a 4500003000400000005001700004008004100021020002900062020004400091040001400135245006900149260003300218260004800251300001800299504001200317546005000329650003200379650001900411650004900430650001500479700002100494700002000515700004300535710003600578OSt20151217143025.0151217s2015 sp ||||| |||| 00| 0 cat d a9788416547081 (Efadós) a9788498507386 (Ajuntament de Barcelona) bcatcCDMR aPérez de Rozasb: Crònica gràfica de Barcelona (1931-1954) aBarcelona:bEfadós,c2015. aBarcelona:bAjuntament de Barcelona,c2015. a231 p. :bil. aÍndex aTraducció del text al castellà p. 202-23104aFotoperiodismexExposicions04aRepublicanisme04aEspanyaxHistòriay1936-1939, Guerra Civil04aFranquisme1 aAntebi, Andrés1 aFerré, Teresa1 aGonzález, Pablo (González Morandi)2 aArxiu Fotogràfic de Barcelona